| 000 | 00485nam a2200169 i 4500 | ||
|---|---|---|---|
| 001 | 81651 | ||
| 003 | ES-MaACL | ||
| 005 | 20230906174500.0 | ||
| 007 | t| | ||
| 008 | 041105s1903 xxk ||||1| eng d | ||
| 100 | 1 |
_aHuxley, Leonard. _964861 |
|
| 245 | 1 | 0 |
_aLife and letters of Thomas Henry Huxley / _cby his son Leonard Huxley. |
| 260 |
_aLondon : _bMacmillan and CÂș, _c1903. |
||
| 300 |
_a3 v. ; _c19 cm. |
||
| 600 | 0 | 4 |
_aHuxley, Thomas Henry. _964863 |
| 852 |
_aES-MaACL _jG-9839-41 |
||
| 999 |
_c81651 _d81651 |
||